ბათუმის შოთა რუსთაველის სახელმწიფო უნივერსიტეტის ბიბლიოთეკა

Что такое линейное программирование. (ბიბ.ჩანაწერი № 47973)

000 -LEADER
fixed length control field 00584nam a2200205Ia 4500
001 - CONTROL NUMBER
control field 14851
003 - CONTROL NUMBER IDENTIFIER
control field GE_BSU
008 - FIXED-LENGTH DATA ELEMENTS--GENERAL INFORMATION
fixed length control field 181216s||||||||xx |||||||||||||| ||und||
040 ## - CATALOGING SOURCE
Transcribing agency GE_BSU
080 ## - UNIVERSAL DECIMAL CLASSIFICATION NUMBER
Universal Decimal Classification number 519.85
100 ## - MAIN ENTRY--PERSONAL NAME
Personal name Барсов А.С.
245 ## - TITLE STATEMENT
Title Что такое линейное программирование.
245 ## - TITLE STATEMENT
Statement of responsibility, etc. Ред. В.Д. Розенкноп.
260 ## - PUBLICATION, DISTRIBUTION, ETC.
Place of publication, distribution, etc. Москва
260 ## - PUBLICATION, DISTRIBUTION, ETC.
Name of publisher, distributor, etc. Госиздат
260 ## - PUBLICATION, DISTRIBUTION, ETC.
Date of publication, distribution, etc. 1959
300 ## - PHYSICAL DESCRIPTION
Extent 103стр.20см.
653 ## - INDEX TERM--UNCONTROLLED
Uncontrolled term Что такое линейное программирование.
942 ## - ADDED ENTRY ELEMENTS (KOHA)
Koha item type წიგნი
ეგზემპლარები
Withdrawn status Lost status Damaged status Not for loan Date acquired Barcode Date last seen Price effective from Koha item type
        2018-12-17 18015 2018-12-17 2018-12-17 წიგნი